[Event "Tarragona-ch Seniors"]
[Site "Cambrils"]
[Date "2020.02.27"]
[Round "6.8"]
[White "Jove Barbera, Josep Lluis"]
[Black "Roma Sellart, Manuel"]
[Result "1-0"]
[WhiteElo "1784"]
[BlackElo "1831"]
[PlyCount "79"]
[EventDate "2020.01.23"]
[EventType "swiss"]
[EventRounds "8"]
[EventCountry "ESP"]
[SourceTitle "EXT 2024"]
[Source "ChessBase"]
[SourceDate "2023.10.10"]
[SourceVersion "1"]
[SourceVersionDate "2023.10.10"]
[SourceQuality "1"]

1. d4 c5 2. d5 Nf6 3. c4 e6 4. Nc3 exd5 5. cxd5 d6 6. e4 a6 7. a4 g6 8. Nf3 Bg4 9. h3 Bxf3 10. Qxf3 Bg7 11. Be2 0-0 12. 0-0 Nbd7 13. Bf4 Ne8 14. Qe3 Bd4 15. Qd2 Qe7 16. Kh1 Ng7 17. Rae1 Rab8 18. a5 Ne8 19. Bh6 Bg7 20. Bxg7 Kxg7 21. f4 f6 22. Bg4 b5 23. axb6 Nxb6 24. Be2 Qb7 25. b3 Nd7 26. Bg4 Rf7 27. Be6 Re7 28. e5 dxe5 29. fxe5 Nxe5 30. Rxe5 fxe5 31. Qf2 Nd6 32. Qf6+ Kh6 33. Qxe5 Qc7 34. Qf4+ Kg7 35. Qf6+ Kh6 36. Rf4 Rb4 37. Qf8+ Kg5 38. h4+ Kh5 39. g4+ Kxh4 40. Qh6+ 1-0

[Event "Tarragona-ch Seniors"]
[Site "Cambrils"]
[Date "2020.02.20"]
[Round "5.5"]
[White "Regue Farran, Enric"]
[Black "Jove Barbera, Josep Lluis"]
[Result "1/2-1/2"]
[WhiteElo "1932"]
[BlackElo "1784"]
[PlyCount "49"]
[EventDate "2020.01.23"]
[EventType "swiss"]
[EventRounds "8"]
[EventCountry "ESP"]
[SourceTitle "EXT 2024"]
[Source "ChessBase"]
[SourceDate "2023.10.10"]
[SourceVersion "1"]
[SourceVersionDate "2023.10.10"]
[SourceQuality "1"]

1. e4 c5 2. f4 e6 3. Nf3 d5 4. exd5 exd5 5. Bb5+ Bd7 6. Bxd7+ Nxd7 7. 0-0 Be7 8. Nc3 Ngf6 9. d3 0-0 10. a4 a6 11. Kh1 Nb8 12. Ne5 Nc6 13. Nxc6 bxc6 14. Qf3 Qd7 15. f5 Rab8 16. b3 h6 17. Bf4 Bd6 18. Bxd6 Qxd6 19. Rae1 Rfe8 20. g3 Re7 21. Re2 Rxe2 22. Nxe2 Re8 23. Nf4 Qe5 24. g4 Qc3 25. Rf2 1/2-1/2

[Event "Tarragona-ch Seniors"]
[Site "Cambrils"]
[Date "2020.01.30"]
[Round "2.10"]
[White "Jove Barbera, Josep Lluis"]
[Black "Sanz Ortiz, Joaquim"]
[Result "1-0"]
[WhiteElo "1784"]
[BlackElo "1373"]
[PlyCount "67"]
[EventDate "2020.01.23"]
[EventType "swiss"]
[EventRounds "8"]
[EventCountry "ESP"]
[SourceTitle "EXT 2024"]
[Source "ChessBase"]
[SourceDate "2023.10.10"]
[SourceVersion "1"]
[SourceVersionDate "2023.10.10"]
[SourceQuality "1"]

1. d4 Nf6 2. c4 g6 3. Nc3 Bg7 4. e4 d6 5. f3 0-0 6. Be3 Nbd7 7. Nh3 c5 8. d5 a6 9. Nf2 Ne5 10. Be2 Qb6 11. Qd2 Qc7 12. 0-0 Ned7 13. Rac1 Nb6 14. Bh6 Re8 15. Bxg7 Kxg7 16. b3 e5 17. dxe6 Bxe6 18. Rcd1 Rad8 19. Qc1 Nc8 20. Rd3 Rd7 21. Rfd1 Red8 22. Qb2 Re8 23. Nd5 Bxd5 24. cxd5 Qd8 25. Ng4 h5 26. Nf2 Kf8 27. Rc1 Kg8 28. b4 Qb6 29. Qxf6 Qxb4 30. a3 Qa5 31. Rdc3 Qc7 32. g4 hxg4 33. Nxg4 Qd8 34. Qxd8 1-0

[Event "Masdenverge op 6th"]
[Site "Masdenverge"]
[Date "2017.07.01"]
[Round "5"]
[White "Molano Lafuente, Ismael"]
[Black "Jove Barbera, Josep Lluis"]
[Result "1-0"]
[WhiteElo "2005"]
[BlackElo "1812"]
[PlyCount "93"]
[EventDate "2017.06.30"]
[EventType "swiss"]
[EventRounds "7"]
[EventCountry "ESP"]
[SourceTitle "EXT 2019"]
[Source "ChessBase"]
[SourceDate "2018.10.10"]
[SourceVersion "1"]
[SourceVersionDate "2018.10.10"]
[SourceQuality "1"]

1. f4 d5 2. Nf3 Nf6 3. e3 Bg4 4. h3 Bxf3 5. Qxf3 e6 6. b3 Nbd7 7. Bb2 Be7 8. d3 a6 9. Nd2 c5 10. Be2 Qa5 11. c3 e5 12. 0-0 exf4 13. exf4 0-0 14. Qf2 Rae8 15. Nf3 Qc7 16. Bc1 Bd6 17. g3 b5 18. Bd2 c4 19. b4 cxd3 20. Bxd3 Ne4 21. Bxe4 dxe4 22. Nd4 Nb6 23. Be3 Qb7 24. Nf5 Bc7 25. Bd4 f6 26. Qe2 Nc4 27. Rad1 Bb6 28. Qg4 Bxd4+ 29. Rxd4 e3 30. Rd7 Qxd7 31. Nh6+ Kh8 32. Qxd7 gxh6 33. Re1 Kg8 34. Qc6 Nd2 35. Re2 Re4 36. Qxa6 Kg7 37. Qxb5 Rf7 38. a4 Rfe7 39. a5 Rc4 40. Qb6 Rxc3 41. a6 Nc4 42. Qc5 Rd7 43. a7 Rd1+ 44. Kg2 Rcc1 45. Qxc4 Rg1+ 46. Kf3 Rcf1+ 47. Ke4 1-0

[Event "Tarragona-ch"]
[Site "Tarragona"]
[Date "2003.??.??"]
[Round "7"]
[White "Novales Montero, Enric"]
[Black "Jove Barbera, Josep Lluis"]
[Result "1-0"]
[WhiteElo "1945"]
[BlackElo "2125"]
[PlyCount "111"]
[EventDate "2003.??.??"]
[EventType "swiss"]
[EventRounds "9"]
[EventCountry "ESP"]
[SourceTitle "EXT 2007"]
[Source "ChessBase"]
[SourceDate "2006.11.23"]
[SourceVersion "1"]
[SourceVersionDate "2006.11.23"]
[SourceQuality "1"]

1. e4 c5 2. Nf3 d6 3. Nc3 Nf6 4. d3 Nc6 5. Be2 g6 6. 0-0 Bg7 7. Bg5 h6 8. Bd2 0-0 9. Qc1 Kh7 10. Bd1 Be6 11. Ne2 Rc8 12. c4 Bg4 13. Ng3 Bxf3 14. Bxf3 Qd7 15. Bd1 b5 16. f4 b4 17. Rb1 Ng4 18. Bxg4 Qxg4 19. Be3 h5 20. Rf3 Qe6 21. Ne2 a5 22. Qd1 Qd7 23. Rh3 Rcd8 24. Ng3 Kg8 25. Nxh5 gxh5 26. Qxh5 Rfe8 27. Qh7+ Kf8 28. Rg3 e5 29. Qxg7+ Ke7 30. f5 Qb7 31. Bg5+ Kd7 32. Bxd8 Nxd8 33. b3 Kc6 34. Qh6 Qe7 35. Re1 Kb6 36. Ree3 Qd7 37. Rg7 a4 38. Reg3 axb3 39. axb3 Kc6 40. Qc1 Qa7 41. h4 Qa2 42. Qd1 Kd7 43. h5 Rh8 44. Re3 Qb2 45. Re1 Qc3 46. g4 Ke7 47. g5 Rxh5 48. Kg2 Rh4 49. g6 Rf4 50. Rh7 Qd4 51. Qd2 Kf6 52. g7 Rg4+ 53. Kh3 Rg1 54. Rxg1 Qxg1 55. Qg2 Qe3+ 56. Qg3 1-0

[Event "Tarragona-ch"]
[Site "Tarragona"]
[Date "2003.??.??"]
[Round "4"]
[White "Rel Cartoixa, Eduard"]
[Black "Jove Barbera, Josep Lluis"]
[Result "0-1"]
[WhiteElo "2000"]
[BlackElo "2125"]
[PlyCount "52"]
[EventDate "2003.??.??"]
[EventType "swiss"]
[EventRounds "9"]
[EventCountry "ESP"]
[SourceTitle "EXT 2007"]
[Source "ChessBase"]
[SourceDate "2006.11.23"]
[SourceVersion "1"]
[SourceVersionDate "2006.11.23"]
[SourceQuality "1"]

1. d4 Nf6 2. c4 g6 3. Nc3 Bg7 4. e4 d6 5. h3 c5 6. d5 a6 7. a4 0-0 8. Bd3 e5 9. Nge2 Nbd7 10. 0-0 Nh5 11. f4 exf4 12. Nxf4 Ndf6 13. Qf3 Qe7 14. Nxh5 Nxh5 15. g4 Nf6 16. Bg5 Qe5 17. Kg2 Qxg5 18. e5 dxe5 19. Rae1 h5 20. Ne4 Nxe4 21. Rxe4 hxg4 22. hxg4 Bf5 23. Re3 Bxg4 24. Qg3 f5 25. Rh1 f4 26. Qh2 Bh5+ 0-1

[Event "Tortosa op"]
[Site "Tortosa"]
[Date "1996.07.12"]
[Round "8"]
[White "Jove Barbera, Josep Lluis"]
[Black "Rofes Barcelo, Josep Maria"]
[Result "1-0"]
[WhiteElo "2075"]
[BlackElo "2180"]
[PlyCount "55"]
[EventDate "1996.07.05"]
[EventType "swiss"]
[EventRounds "9"]
[EventCountry "ESP"]
[SourceTitle "EXT 2003"]
[Source "ChessBase"]
[SourceDate "2002.11.25"]
[SourceVersion "1"]
[SourceVersionDate "2002.11.25"]
[SourceQuality "1"]

1. d4 e6 2. c4 d5 3. Nc3 c5 4. cxd5 cxd4 5. dxe6 fxe6 6. Ne4 Nf6 7. Nxf6+ Qxf6 8. Nf3 Nc6 9. e4 Bb4+ 10. Bd2 Bxd2+ 11. Qxd2 0-0 12. Bd3 e5 13. Qg5 Be6 14. a3 a5 15. 0-0 h6 16. Qg3 Rae8 17. Rac1 Qf4 18. Rc5 Qxg3 19. hxg3 Bd7 20. Rb5 Bg4 21. Nh2 Bc8 22. f4 Re7 23. f5 Na7 24. Rxa5 b6 25. Rd5 Bd7 26. Nf3 Rfe8 27. Nxe5 Rxe5 28. Rxd7 1-0

[Event "Tortosa op"]
[Site "Tortosa"]
[Date "1996.07.06"]
[Round "2"]
[White "Reverter Sancho, Batista"]
[Black "Jove Barbera, Josep Lluis"]
[Result "0-1"]
[WhiteElo "1915"]
[BlackElo "2075"]
[PlyCount "120"]
[EventDate "1996.07.05"]
[EventType "swiss"]
[EventRounds "9"]
[EventCountry "ESP"]
[SourceTitle "EXT 2003"]
[Source "ChessBase"]
[SourceDate "2002.11.25"]
[SourceVersion "1"]
[SourceVersionDate "2002.11.25"]
[SourceQuality "1"]

1. g3 Nf6 2. Bg2 e6 3. d3 c5 4. Bd2 Nc6 5. Na3 Be7 6. Nf3 d5 7. c3 a6 8. Nc2 0-0 9. 0-0 h6 10. a3 Bd7 11. b4 Rc8 12. Be3 b6 13. d4 Ne4 14. Bd2 Re8 15. a4 Bf6 16. e3 Qc7 17. Nce1 Qd6 18. Nd3 cxd4 19. cxd4 Rc7 20. a5 Nxd2 21. Qxd2 bxa5 22. bxa5 Na7 23. Rfc1 Rec8 24. Rxc7 Rxc7 25. Rc1 Bb5 26. Nc5 Nc8 27. Rc3 Qc6 28. Ne4 Bc4 29. Nxf6+ gxf6 30. Ne1 Qa4 31. Rc1 Nd6 32. Nd3 Kg7 33. f3 Nb7 34. Nb2 Qxa5 35. Qxa5 Nxa5 36. Bf1 Kf8 37. Rc3 Ke7 38. Kf2 Kd7 39. e4 Bxf1 40. Rxc7+ Kxc7 41. Kxf1 Kb6 42. Ke2 Kb5 43. Kd3 Kb4 44. exd5 exd5 45. Nd1 Nc4 46. f4 Kb3 47. Nc3 Nb6 48. g4 a5 49. h4 a4 50. g5 fxg5 51. fxg5 h5 52. Ne2 a3 53. Nc3 Nc4 54. Ne2 a2 55. Nc1+ Kb2 56. Nxa2 Kxa2 57. Kc2 Ka3 58. Kc3 Ka4 59. Kc2 Ne3+ 60. Kd2 Nf5 0-1